| 000 | 00349nam a22001337a 4500 | ||
|---|---|---|---|
| 999 |
_c531820 _d531820 |
||
| 003 | NUST | ||
| 038 | _awaseem | ||
| 082 |
_a297 _bMUR |
||
| 100 |
_aMurad, Khurram _924905 |
||
| 245 |
_aThe Last Will: _bLiving and Dying for Allah / _cKhurram Murad |
||
| 260 |
_aUnited Kingdom : _bThe Islamic Foundation, _c2019. |
||
| 300 | _a99 p. ; | ||
| 942 |
_2ddc _cBK |
||